|
|
|
|
| LEADER |
00000nam0a2200000 4500 |
| 001 |
163689 |
| 005 |
20231031160925.0 |
| 010 |
|
|
|a 5701200051
|
| 020 |
|
|
|a RU
|b 91-19279
|
| 035 |
|
|
|a (RuTPU)RU\TPU\book\177595
|
| 090 |
|
|
|a 163689
|
| 100 |
|
|
|a 20090820d1990 m y0rusy5003 ca
|
| 101 |
1 |
|
|a rus
|c eng
|
| 102 |
|
|
|a RU
|
| 105 |
|
|
|a y z 000ay
|
| 200 |
1 |
|
|a Кот привратника
|e сборник зарубежного детектива
|e пер. с англ.
|
| 210 |
|
|
|a Ленинград
|c "Васильевский остров"
|d 1990
|
| 215 |
|
|
|a 629 с.
|
| 225 |
1 |
|
|a Бейкер-стрит, 221-б
|
| 333 |
|
|
|a Исключено из фонда НТБ ТПУ
|
| 801 |
|
0 |
|a RU
|b RuMRKP
|c 19950417
|g psbo
|
| 801 |
|
1 |
|a RU
|b 63413507
|c 20090820
|
| 801 |
|
2 |
|a RU
|b 63413507
|c 20220623
|g RCR
|
| 942 |
|
|
|c BK
|